Northern Ireland - PMs, First, and Deputy First Ministers - Statistics

General Stats
  • This quiz has been taken 27 times
  • The average score is 10 of 16
Answer Stats
Picture Hint Answer % Correct
2016 - 2017, 2020-2021 Arlene Foster
95%
2007 - 2017 Martin McGuinness
89%
2007 - 2008 Ian Paisley
84%
2020-2022, 2024 Michelle O'Neill
84%
1963 -1969 Terence O'Neill
79%
2024 Emma Little-Pengelly
74%
1921 - 1940 James Craig
74%
2008 -2016 Peter Robinson
68%
1998 - 2002 David Trimble
63%
1943 - 1963 Basil Brooke
53%
1971 - 1973, 1974 Brian Faulkner
53%
1969 - 1971 James Chichester Clark
53%
2001-2002 Mark Durkan
47%
1974 - 1974 Gerry Fitt
42%
1998-2001 Seamus Mallon
37%
1940 - 1943 John Miller Andrews
26%
No matching quizzes found
Score Distribution
Percent of People with Each Score
Percentile by Number Answered
Your Score History
You have not taken this quiz